00322pab a2200121 454500008004000000100002000040245004500060260000900105300001100114362000900125650002400134773004200158180718b1983 xxu||||| |||| 00| 0 eng d aKessel, John H. aThe structures of the Carter White House c1983 a431-63 aAug. aPresidents - U.S.A. aAmerican Journal of Political Science